| 000 | 00541nam a22002057a 4500 | ||
|---|---|---|---|
| 003 | OSt | ||
| 005 | 20140310182931.0 | ||
| 008 | 130131t xxu||||| |||| 00| 0 eng d | ||
| 020 | _a9712720093 | ||
| 050 |
_aDS 686.6 _b.M553 2007 |
||
| 082 |
_aFIL 328.599092 _b.M553 2007 |
||
| 245 |
_aMaria Kalaw Katigbak : a charmed life _cMercado, Monina Allarey |
||
| 260 |
_aManila _bAnvil _cc2007 |
||
| 300 |
_a353 p. _bill. _c26 cm. |
||
| 521 | _aCollege | ||
| 526 | _c1210L-1700L | ||
| 541 | _j1 | ||
| 562 | _e1 | ||
| 942 |
_2lcc _cBK _kFIL |
||
| 999 |
_c17542 _d17542 |
||